Shipping Forecast areas - Statistics

General Stats
  • This quiz has been taken 2,443 times
  • The average score is 16 of 31
Answers on the Map
Answers color-coded by a green-red scale on the quiz's map according to % correct below.
 
Answer Stats
Answer % Correct
Biscay
83%
South East Iceland
79%
Irish Sea
74%
Dogger
66%
Dover
66%
Hebrides
62%
Faeroes
59%
Wight
58%
Thames
57%
Humber
56%
Tyne
56%
Forth
53%
German Bight
53%
Trafalgar
48%
Plymouth
47%
Lundy
45%
Shannon
45%
Portland
44%
Cromarty
43%
North Utsire
43%
Rockall
43%
South Utsire
43%
Viking
43%
Fair Isle
42%
Fastnet
41%
Fitzroy
40%
Forties
39%
Fisher
38%
Malin
38%
Sole
37%
Bailey
31%
No matching quizzes found
Score Distribution
Percent of People with Each Score
Percentile by Number Answered
Your Score History
You have not taken this quiz